La Seguridad electoral y el fortalecimiento de los sistemas electorales /

Uloženo v:
Podrobná bibliografie
Hlavní autor: Araya Montezuma, Andrés
Médium: Text
Tagy: Přidat tag
Žádné tagy, Buďte první, kdo vytvoří štítek k tomuto záznamu!

MARC

LEADER 00000 a a2200000 04500
001 1193
003
040
100 |a Araya Montezuma, Andrés  
245 |a La Seguridad electoral y el fortalecimiento de los sistemas electorales /  |c Andrés Araya Montezuma 
773 |g volumen 1; páginas 87-94  
999 |c 31657  |d 31657